Studying law. / (Record no. 4855)
[ view plain ]
| 000 -LEADER | |
|---|---|
| fixed length control field | 00818nam a22001697a 4500 |
| 008 - FIXED-LENGTH DATA ELEMENTS--GENERAL INFORMATION | |
| fixed length control field | 140916b xxu||||| |||| 00| 0 eng d |
| 020 ## - INTERNATIONAL STANDARD BOOK NUMBER | |
| International Standard Book Number | 9781403999269 |
| 050 ## - LIBRARY OF CONGRESS CALL NUMBER | |
| Classification number | KD442.A85 |
| 100 ## - MAIN ENTRY--PERSONAL NAME | |
| Personal name | Askey, Simon |
| 245 ## - TITLE STATEMENT | |
| Title | Studying law. / |
| Statement of responsibility, etc. | Simon Askey and Ian McLeod |
| 260 ## - PUBLICATION, DISTRIBUTION, ETC. | |
| Place of publication, distribution, etc. | New York, |
| Name of publisher, distributor, etc. | Palrave Macmillan, |
| Date of publication, distribution, etc. | 2006. |
| 300 ## - PHYSICAL DESCRIPTION | |
| Extent | ix, 194p. |
| Dimensions | 22cm. |
| 500 ## - GENERAL NOTE | |
| General note | Includes index |
| 505 ## - FORMATTED CONTENTS NOTE | |
| Formatted contents note | Contents: Studying law: what's it all about? -- The Sources of English law -- The Constitutional background to English law -- The Jurisdictions of the principal courts -- The Protection of human rights and fundamental -- Finding and citing the sources of law -- Legal method -- Written English Answering essay questions -- Answering problem questions -- Oral skills -- Appendices. |
| 700 ## - ADDED ENTRY--PERSONAL NAME | |
| Personal name | McLeod, Ian |
| 942 ## - ADDED ENTRY ELEMENTS (KOHA) | |
| Source of classification or shelving scheme | Library of Congress Classification |
| Koha item type | Books |
| Withdrawn status | Lost status | Source of classification or shelving scheme | Damaged status | Not for loan | Home library | Current library | Shelving location | Date acquired | Total Checkouts | Full call number | Barcode | Date last seen | Price effective from | Koha item type |
|---|---|---|---|---|---|---|---|---|---|---|---|---|---|---|
| Library of Congress Classification | WISCONSIN INTERNATIONAL UNIVERSITY COLLEGE, GHANA - MAIN LIBRARY | WISCONSIN INTERNATIONAL UNIVERSITY COLLEGE, GHANA - MAIN LIBRARY | Law Library | 16/09/2014 | KD442.A85 | 850/13 | 16/09/2014 | 16/09/2014 | Books | |||||
| Library of Congress Classification | WISCONSIN INTERNATIONAL UNIVERSITY COLLEGE, GHANA - MAIN LIBRARY | WISCONSIN INTERNATIONAL UNIVERSITY COLLEGE, GHANA - MAIN LIBRARY | Law Library | 16/09/2014 | KD442.A85 | 851/13 | 16/09/2014 | 16/09/2014 | Books |
